| 000 | 01067cam a2200301 4500 | ||
|---|---|---|---|
| 999 |
_c200435381 _d53593 |
||
| 001 | 200435381 | ||
| 003 | TR-AnTOB | ||
| 005 | 20200421150607.0 | ||
| 007 | ta | ||
| 008 | 711201s1968 tu a b 000 0 eng | ||
| 010 | _a 77294505 | ||
| 040 |
_aDLC _beng _cDLC _erda _dDLC _dTR-AnTOB |
||
| 041 | 0 | _aeng | |
| 050 | 0 | 0 |
_aQC321 _b.K35 1969 |
| 090 |
_aQC321 _b.K35 1969 |
||
| 100 | 1 |
_aKakaç, Sadık, _d1932- _q(Sadık) _4author _9122283 |
|
| 245 | 1 | 0 |
_aEffects of boundary conditions on forced convection heat transfer / _cDr. Sadık Kakaç. |
| 264 | 1 |
_aAnkara: _bAnkara Üniversitesi Mühendislik Fakültesi Yayını, _c1969. |
|
| 300 |
_ax, 107 pages: _billusration; _c25 cm. |
||
| 336 |
_atext _btxt _2rdacontent |
||
| 337 |
_aunmediated _bn _2rdamedia |
||
| 338 |
_avolume _bnc _2rdacarrier |
||
| 500 | _a"An habilitation thesis submitted to the Faculty of Engineering at the Middle East Technical University, 1965." | ||
| 504 | _aIncludes bibliographical references and index. | ||
| 650 | 0 |
_aHeat _xTransmission _9666 |
|
| 942 |
_2lcc _cBK |
||